Pyaar ka sagar / (Record no. 46594)
[ view plain ]
| 000 -LEADER | |
|---|---|
| fixed length control field | 01354njm a22003017a 4500 |
| 005 - DATE AND TIME OF LATEST TRANSACTION | |
| control field | 20100913100347.0 |
| 007 - PHYSICAL DESCRIPTION FIXED FIELD--GENERAL INFORMATION | |
| fixed length control field | sd ammalaaahaa |
| 008 - FIXED-LENGTH DATA ELEMENTS--GENERAL INFORMATION | |
| fixed length control field | 100913t xxu||||| |||| 00| 0 hin d |
| 028 ## - PUBLISHER NUMBER | |
| Publisher number | TAE. 1071 |
| Source | ODEON |
| 035 ## - SYSTEM CONTROL NUMBER | |
| System control number | GR-03208 |
| 040 ## - CATALOGING SOURCE | |
| Original cataloging agency | SED/VEN |
| 100 ## - MAIN ENTRY--PERSONAL NAME | |
| 9 (RLIN) | 19606 |
| Personal name | Mohd. Rafi |
| 245 ## - TITLE STATEMENT | |
| Title | Pyaar ka sagar / |
| Statement of responsibility, etc | by Mohd. Rafi & Asha Bhosle ; music by Ravi ; lyric by Prem Dhawan |
| Medium | [sound recording] : |
| 246 ## - VARYING FORM OF TITLE | |
| Title proper/short title | प्यार का सागर (मोहमद. रफ़ी और आशा भोसले) |
| 260 ## - PUBLICATION, DISTRIBUTION, ETC. (IMPRINT) | |
| Place of publication, distribution, etc | Dum Dum, India |
| Name of publisher, distributor, etc | ODEON |
| Date of publication, distribution, etc | n. d. |
| 300 ## - PHYSICAL DESCRIPTION | |
| Extent | 1 sound disc [Gramophone record] : |
| Other physical details | analog, 45 rpm |
| Dimensions | 7 in. |
| Type of unit | Gramophone record |
| 500 ## - GENERAL NOTE | |
| General note | Brief record. |
| 500 ## - GENERAL NOTE | |
| General note | ODEON |
| 500 ## - GENERAL NOTE | |
| General note | Black |
| 500 ## - GENERAL NOTE | |
| General note | Extended Play |
| 505 ## - FORMATTED CONTENTS NOTE | |
| Formatted contents note | Part 1 Mujhe pyar ki zindagi dene wale (Pyaar ka sagar) (Mohd. Rafi) मुझे प्यार की ज़िन्दगी देने वाले , Part 2 Haal dil ka sunaye to kaise (Asha Bhosle) हाल दिल का सुनाये तो कैसे |
| 650 ## - SUBJECT ADDED ENTRY--TOPICAL TERM | |
| Topical term or geographic name as entry element | Classical music |
| General subdivision | Excerpts |
| Geographic subdivision | India |
| 9 (RLIN) | 19607 |
| Form subdivision | Filmi song |
| 700 ## - ADDED ENTRY--PERSONAL NAME | |
| 9 (RLIN) | 20331 |
| Personal name | Bhosle, Asha |
| 700 ## - ADDED ENTRY--PERSONAL NAME | |
| Personal name | Ravi |
| 9 (RLIN) | 20563 |
| 700 ## - ADDED ENTRY--PERSONAL NAME | |
| Personal name | Dhawan, Prem |
| 9 (RLIN) | 20581 |
| 942 ## - ADDED ENTRY ELEMENTS (KOHA) | |
| Source of classification or shelving scheme | Dewey Decimal Classification |
| Item type | Gramaphone Records |
| Withdrawn status | Lost status | Source of classification or shelving scheme | Damaged status | Not for loan | Home library | Current library | Date acquired | Source of acquisition | Total Checkouts | Barcode | Date last seen | Copy number | Price effective from | Koha item type |
|---|---|---|---|---|---|---|---|---|---|---|---|---|---|---|
| Dewey Decimal Classification | Not For Loan | Central Library | Central Library | 17/09/2010 | SED/VEN | GR-03208 | 17/09/2010 | 1 | 17/09/2010 | Gramaphone Records |
